000
00477nam a2200145Ia 4500
008
100204s9999 xx 000 0 und d
082
_b
3524
100
_a
घाटे दिनानाथ ना.
245
_a
लालन भरे ललना !
260
_b
"दिलिप प्रकाशन , मुंबई"
_c
1977
300
_a
303
630
_a
लालन भरे ललना !
730
_a
लालन भरे ललना !
942
_c
BOOK
999
_c
448448
_d
448445